<?xml version="1.0" encoding="UTF-8"?>
<record
    xmlns:xsi="http://www.w3.org/2001/XMLSchema-instance"
    xsi:schemaLocation="http://www.loc.gov/MARC21/slim http://www.loc.gov/standards/marcxml/schema/MARC21slim.xsd"
    xmlns="http://www.loc.gov/MARC21/slim">

  <leader>01147nam0a2200289 i 4500</leader>
  <controlfield tag="001">RU\NLR\BIBL_A\010801972</controlfield>
  <controlfield tag="005">20241103014953.0</controlfield>
  <datafield tag="010" ind1=" " ind2=" ">
    <subfield code="a">9785904792350</subfield>
    <subfield code="9">2000</subfield>
  </datafield>
  <datafield tag="021" ind1=" " ind2=" ">
    <subfield code="a">RU</subfield>
    <subfield code="b">2015-46801</subfield>
    <subfield code="9">2787</subfield>
  </datafield>
  <datafield tag="035" ind1=" " ind2=" ">
    <subfield code="a">(NLR Aleph) 010801972</subfield>
  </datafield>
  <datafield tag="090" ind1=" " ind2=" ">
    <subfield code="a">10165183</subfield>
    <subfield code="c">10165183</subfield>
  </datafield>
  <datafield tag="100" ind1=" " ind2=" ">
    <subfield code="a">20150715d2015    u  y0rusy50      ca</subfield>
  </datafield>
  <datafield tag="101" ind1="0" ind2=" ">
    <subfield code="a">rus</subfield>
  </datafield>
  <datafield tag="102" ind1=" " ind2=" ">
    <subfield code="a">RU</subfield>
  </datafield>
  <datafield tag="105" ind1=" " ind2=" ">
    <subfield code="a">ach|g|||001zy</subfield>
  </datafield>
  <datafield tag="200" ind1="1" ind2=" ">
    <subfield code="a">&#x421;&#x430;&#x43C;&#x43E;&#x432;&#x430;&#x440;&#x43D;&#x43E;&#x435; &#x434;&#x435;&#x43B;&#x43E; &#x432; &#x420;&#x43E;&#x441;&#x441;&#x438;&#x438;</subfield>
    <subfield code="e">&#x43A;&#x430;&#x442;&#x430;&#x43B;&#x43E;&#x433;-&#x441;&#x43F;&#x440;&#x430;&#x432;&#x43E;&#x447;&#x43D;&#x438;&#x43A;</subfield>
    <subfield code="f">&#x421;. &#x41F;. &#x41A;&#x430;&#x43B;&#x438;&#x43D;&#x438;&#x447;&#x435;&#x432;</subfield>
  </datafield>
  <datafield tag="210" ind1=" " ind2=" ">
    <subfield code="a">&#x41C;&#x43E;&#x441;&#x43A;&#x432;&#x430;</subfield>
    <subfield code="c">&#x425;&#x43E;&#x431;&#x431;&#x438; &#x41F;&#x440;&#x435;&#x441;&#x441;</subfield>
    <subfield code="d">2015</subfield>
  </datafield>
  <datafield tag="215" ind1=" " ind2=" ">
    <subfield code="a">456 &#x441;.</subfield>
    <subfield code="c">&#x438;&#x43B;., &#x446;&#x432;. &#x438;&#x43B;.. &#x43F;&#x43E;&#x440;&#x442;&#x440;., &#x444;&#x430;&#x43A;&#x441;.</subfield>
    <subfield code="d">30</subfield>
  </datafield>
  <datafield tag="320" ind1=" " ind2=" ">
    <subfield code="a">&#x411;&#x438;&#x431;&#x43B;&#x438;&#x43E;&#x433;&#x440;.: &#x441;. 452-453 (81 &#x43D;&#x430;&#x437;&#x432;.)</subfield>
  </datafield>
  <datafield tag="320" ind1=" " ind2=" ">
    <subfield code="a">&#x410;&#x43B;&#x444;. &#x443;&#x43A;&#x430;&#x437;. &#x43D;&#x430;&#x437;&#x432;. &#x43F;&#x440;&#x435;&#x434;&#x43F;&#x440;&#x438;&#x44F;&#x442;&#x438;&#x439; &#x438; &#x444;&#x430;&#x43C;&#x438;&#x43B;&#x438;&#x439; &#x438;&#x445; &#x432;&#x43B;&#x430;&#x434;&#x435;&#x43B;&#x44C;&#x446;&#x435;&#x432;: &#x441;. 447-451</subfield>
  </datafield>
  <datafield tag="606" ind1=" " ind2=" ">
    <subfield code="a">&#x421;&#x430;&#x43C;&#x43E;&#x432;&#x430;&#x440;&#x44B;</subfield>
    <subfield code="j">&#x41A;&#x430;&#x442;&#x430;&#x43B;&#x43E;&#x433;&#x438;-&#x441;&#x43F;&#x440;&#x430;&#x432;&#x43E;&#x447;&#x43D;&#x438;&#x43A;&#x438;</subfield>
    <subfield code="9">1960683</subfield>
    <subfield code="3">RU\NLR\AUTH\66897473</subfield>
  </datafield>
  <datafield tag="686" ind1="1" ind2=" ">
    <subfield code="a">&#x429;126.53(2&#x420;=&#x420;&#x443;&#x441;)&#x44F;26</subfield>
  </datafield>
  <datafield tag="700" ind1=" " ind2="1">
    <subfield code="a">&#x41A;&#x430;&#x43B;&#x438;&#x43D;&#x438;&#x447;&#x435;&#x432;</subfield>
    <subfield code="b">&#x421;. &#x41F;.</subfield>
    <subfield code="g">&#x421;&#x435;&#x440;&#x433;&#x435;&#x439; &#x41F;&#x435;&#x442;&#x440;&#x43E;&#x432;&#x438;&#x447;</subfield>
  </datafield>
  <datafield tag="942" ind1=" " ind2=" ">
    <subfield code="c">BOOK</subfield>
  </datafield>
  <datafield tag="980" ind1=" " ind2=" ">
    <subfield code="a">NBR</subfield>
  </datafield>
</record>
